000
00278nam a22001217a 4500
999
_c
4356
_d
4356
008
250207b ||||| |||| 00| 0 eng d
020
_a
9781406280722
082
_a
591
100
_a
SMITH,SIAN
_e
AUTHOR
245
_a
JUNGLE ANIMALS
260
_b
RAINTREE PUBLISHERS
942
_2
ddc